The indian sepoy, soldier of the raj / (Record no. 154411)

MARC details
000 -LEADER
fixed length control field 00553nam a22001817a 4500
005 - DATE AND TIME OF LATEST TRANSACTION
control field 20180719140507.0
010 ## - LCCN (DPL NO)
LC control number ENG-123558
020 ## - INTERNATIONAL STANDARD BOOK NUMBER
International Standard Book Number 9788175102279
Terms of availability 995.00
035 ## - SYSTEM CONTROL NUMBER
System control number EN-107090
037 ## - SOURCE OF ACQUISITION
Source of stock number/acquisition DBAD/PUB.
082 ## - DEWEY DECIMAL CLASSIFICATION NUMBER
Classification number 954.084
100 ## - MAIN ENTRY--PERSONAL NAME
Personal name SenGupta, Ranjeet
245 ## - TITLE STATEMENT
Title The indian sepoy, soldier of the raj /
Statement of responsibility, etc by Ranjeet SenGupta
260 ## - PUBLICATION, DISTRIBUTION, ETC. (IMPRINT)
Place of publication, distribution, etc New Delhi
Name of publisher, distributor, etc Reliance Publishing House
Date of publication, distribution, etc 2016
270 ## - ADDRESS
Address 6/1, South Patel Nagar,
City New Delhi
Postal code 110008
300 ## - PHYSICAL DESCRIPTION
Extent xxii,420p.
Dimensions 23cm(Hb)
942 ## - ADDED ENTRY ELEMENTS (KOHA)
Source of classification or shelving scheme Dewey Decimal Classification
Item type English Books
Classification part 954.084
Call number suffix SEN
Holdings
Withdrawn status Lost status Not for loan Collection code Home library Current library Date acquired Source of acquisition Cost, normal purchase price Full call number Barcode Copy number Cost, replacement price Koha item type
      Non-fiction Shahdara Branch Shahdara Branch 19/07/2018 DBAD/PUB 995.00 954.084 SEN EN-107090 1 995.00 English Books

© Delhi Public Library
Hit Counter
free hit counter